|
|
|
|
| LEADER |
00000nam0a2200000 4500 |
| 001 |
30750 |
| 005 |
20231030204122.0 |
| 010 |
|
|
|a 5939720269
|
| 035 |
|
|
|a (RuTPU)RU\TPU\book\31025
|
| 035 |
|
|
|a BOOK00031102
|
| 090 |
|
|
|a 30750
|
| 100 |
|
|
|a 20011209d2001 m y0rusy50 ca
|
| 101 |
1 |
|
|a rus
|
| 102 |
|
|
|a RU
|
| 105 |
|
|
|a y j 000zy
|
| 200 |
1 |
|
|a Лекции по теоретической физике
|e учебное пособие
|f П. А. М. Дирак
|
| 210 |
|
|
|a Ижевск
|a Москва
|c Регулярная и хаотическая динамика
|d 2001
|
| 215 |
|
|
|a 240 с.
|
| 610 |
1 |
|
|a физика
|
| 610 |
1 |
|
|a теоретическая физика
|
| 610 |
1 |
|
|a квантовая механика
|
| 610 |
1 |
|
|a Гамильтонова динамика
|
| 610 |
1 |
|
|a теория относительности
|
| 610 |
1 |
|
|a электроны
|
| 610 |
1 |
|
|a позитроны
|
| 610 |
1 |
|
|a учебные пособия
|
| 675 |
|
|
|a 530.1(075.8)
|v 3
|
| 700 |
|
1 |
|a Дирак
|b П. А. М.
|g Поль Адриен Морис
|
| 801 |
|
0 |
|a RU
|b 63413507
|c 20011209
|g PSBO
|
| 801 |
|
2 |
|a RU
|b 63413507
|c 20110427
|g PSBO
|
| 900 |
|
|
|a Теоретическая физика
|
| 942 |
|
|
|c BK
|